Welcome to the Holygrace Academy Library

Please use search bar below to get started

STUDY PACKAGE FOR NTSE (Record no. 1705)

MARC details
000 -LEADER
fixed length control field 00392nam a22001457a 4500
020 ## - INTERNATIONAL STANDARD BOOK NUMBER
ISBN 978-0-07-066040-3
082 ## - DEWEY DECIMAL CLASSIFICATION NUMBER
Classification number 001
Item number MAL/N
100 ## - MAIN ENTRY--AUTHOR NAME
Personal name MALHOTRA, STALIN
245 ## - TITLE STATEMENT
Title STUDY PACKAGE FOR NTSE
Remainder of title FOR CLASS VIII
250 ## - EDITION STATEMENT
Edition statement ELEVENTH REPRINT
260 ## - PUBLICATION, DISTRIBUTION, ETC. (IMPRINT)
Place of publication DELHI
Name of publisher TATA McGRAW HILL PUBLICATIONS
Year of publication 2010
300 ## - PHYSICAL DESCRIPTION
Number of Pages 681
650 ## - SUBJECT ADDED ENTRY--TOPICAL TERM
Topical Term NATIONAL TALENT SEARCH EXAMINATION
Geographic subdivision INDIA
942 ## - ADDED ENTRY ELEMENTS (KOHA)
Koha item type Books
Holdings
Withdrawn status Lost status Collection code Home library Current library Shelving location Date acquired Source of acquisition Full call number Accession Number Koha item type
    Reference Main Library Main Library SHELF-5- J - ENTRANCE BASED REFERENCES 18/09/2014 purchase 001 MAL/N 09513 Books